banner koha

Nitrogen levels via fertigation and irrigation depths in the arugula culture (Registro n. 337927)

MARC details
000 -LÍDER
fixed length control field 04290nab a2200325 i 4500
003 - CÓDIGO MARC DA AGÊNCIA CATALOGADORA
Campo de controle BR-BrBNA
005 - DATA E HORA DA ÚLTIMA ATUALIZAÇÃO
Campo de controle 20250901124607.0
008 - CAMPO DE TAMANHO FIXO
fixed length control field 250901b2020 bl.qr|pooa||| 00| 0 eng |
040 ## - FONTE DA CATALOGAÇÃO
Agência catalogadora BR-BrBNA
Idioma da catalogação eng
072 ## - CATEGORIA AGRIS
Código AGRIS F61
Código do objeto 1690
072 ## - CATEGORIA AGRIS
Código AGRIS F06
100 ## - ENTRADA PRINCIPAL - NOME PESSOAL
Nome pessoal Silva, Paulo Henrique Soares
100 ## - ENTRADA PRINCIPAL - NOME PESSOAL
Nome pessoal Palaretti, Luiz Fabiano
100 ## - ENTRADA PRINCIPAL - NOME PESSOAL
Nome pessoal Cecílio Filho, Arthur Bernardes
100 ## - ENTRADA PRINCIPAL - NOME PESSOAL
Nome pessoal Silva, Yane Freitas da
245 ## - TÍTULO PRINCIPAL
Título principal Nitrogen levels via fertigation and irrigation depths in the arugula culture
500 ## - NOTA GERAL
Nota geral <br/>Publicação online; 27 ref.; 2 illus.; 2 tables; Summaries (En, Pt)
942 ## - ADDED ENTRY ELEMENTS (KOHA)
Koha item type Analítica
520 ## - NOTA DE RESUMO
Nota de conteúdo <br/><br/><br/>ABSTRACT: In vegetables, especially the leafy ones, nitrogen (N) and water are essential in its growth, being N the second most absorbed and identified nutrient in the arugula leaf tissue. Water is essential for horticultural crops, so its use must be rational in order to achieve high yield. The objective of this study was to evaluate the effect of nitrogen levels and irrigation depths on the productive characteristics, the total leaf chlorophyll index (ICF) and nitrogen contents in the arugula culture. The experiment was arranged in a randomized block design subdivided in plots, with two factors: A) nitrogen levels applied in coverage (25, 50, 100, 125 and 150 mg dm-3) and B) irrigation depths [(50 and 100% of the available water capacity (AWC)]. At harvest, 37 days after transplantation (DAT), we observed a significant effect of the treatments when individually analyzed, and also a significant interaction between factors of the analyzed variables. The nitrogen content in the plant showed no effect for irrigation depths. However, the highest content was found in the level of 129 mg dm-3 (27.8 g kg-1), corresponding to an increase of 26% in relation to the lowest level (25 mg dm-3; 22.07 g kg-1). In conclusion, the supply of 150 mg dm-3 nitrogen and full irrigation management (100% of AWC) provided substantial increase in height, leaf area and fresh mass of aerial part of the plant. <br/><br/><br/>Keywords: Eruca sativa, leaf chlorophyll index, leafy vegetables, water complementation, plant growth
520 ## - NOTA DE RESUMO
Nota de conteúdo <br/><br/><br/>RESUMO: Nas hortaliças, especialmente folhosas, são fundamentais para o crescimento das plantas o nitrogênio (N) e a água, sendo o N o segundo nutriente mais absorvido e identificado no tecido foliar da rúcula. A água é essencial para cultivos hortícolas; por isso o seu uso deve ser racional para que altas produtividades sejam alcançadas. Objetivou-se avaliar o efeito de níveis de nitrogênio via fertirrigação e lâminas de irrigação nas características produtivas, no índice total de clorofila foliar (ICF) e teor de nitrogênio na cultura da rúcula. O experimento foi arranjado no delineamento de blocos casualizados em parcelas subdivididas, sendo dois fatores: A) níveis de nitrogênio aplicados em cobertura (25, 50, 100, 125 e 150 mg dm-3) e B) lâminas de irrigação 50 e 100% da capacidade de água disponível (CAD). Na colheita, aos 37 dias após o transplantio (DAT) houve efeito significativo dos tratamentos isoladamente, e também interação dos tratamentos das variáveis analisadas. As lâminas de irrigação não foram significantes para o teor de nitrogênio na planta. Entretanto, o maior teor foi verificado no nível de 129 mg dm-3 (27,8 g kg-1), correspondendo a um incremento de 26% em relação ao nível de 25 mg dm-3 (22,07 g kg-1). Portanto, o fornecimento de 150 mg dm-3 de nitrogênio e o manejo da irrigação plena (100% da CAD) proporcionaram incremento substancial na altura, área foliar e massa fresca da parte aérea.<br/><br/><br/><br/>Palavras-chave: Eruca sativa, índice de clorofila foliar, vegetais folhosos, complementação hídrica, rendimento agronômico.
650 ## - ASSUNTO - THESAGRO
Cabeçalho tópico ou nome geográfico RÚCULA
650 ## - ASSUNTO - THESAGRO
Cabeçalho tópico ou nome geográfico CRESCIMENTO
650 ## - ASSUNTO - THESAGRO
Cabeçalho tópico ou nome geográfico NITROGÊNIO
650 ## - ASSUNTO - THESAGRO
Cabeçalho tópico ou nome geográfico FERTIRRIGAÇÃO
650 ## - ASSUNTO - THESAGRO
Cabeçalho tópico ou nome geográfico ABSORÇÃO DE NUTRIENTES
650 ## - ASSUNTO - THESAGRO
Cabeçalho tópico ou nome geográfico PRODUTIVIDADE
773 0# - ENTRADA ANALÍTICA
Host Biblionumber 1047
Registro do item 357567
Imprenta Brasília-DF Sociedade de Olericultura do Brasil 1983
Outro identificador 2025-5532
Título Horticultura Brasileira (Brazil)
ISSN 0102-0536
Colação v. 38(4) p. 343-349; (2020)
Número de controle de registro BR2025002834
856 ## - ACESSO E ENDEREÇO ELETRÔNICO
Identificador uniforme de recurso - URI https://www.scielo.br/j/hb/a/jDnfYdgmZb4fWTppgjRh9Lh/?format=pdf&lang=en

Nenhum exemplar disponível.

BINAGRI

Telefone: (61)3218-2567/2388/3357/2097 - binagri@agro.gov.br

Ministério da Agricultura e Pecuária , Esplanada dos Ministérios, Bloco D, Anexo B, Brasília/DF, CEP: 70.043-900